[Event "Mlada Boleslav Region-ch U14"]
[Site "Mlada Boleslav"]
[Date "2017.06.25"]
[Round "5"]
[White "Lastovka, Ondrej"]
[Black "Handl, Petr"]
[Result "1/2-1/2"]
[WhiteElo "1514"]
[BlackElo "1326"]
[PlyCount "50"]
[EventDate "2017.06.24"]
[EventType "swiss"]
[EventRounds "7"]
[EventCountry "CZE"]
[SourceTitle "CBM 179 Extra"]
[Source "ChessBase"]
[SourceDate "2017.08.23"]
[SourceVersion "1"]
[SourceVersionDate "2017.08.23"]
[SourceQuality "1"]

1. e4 e5 2. f4 exf4 3. Nf3 Nc6 4. d4 Qe7 5. Nc3 Nf6 6. Bd3 d6 7. 0-0 Bg4 8. Bb5 a6 9. Bxc6+ bxc6 10. Bxf4 Qd7 11. Re1 Be7 12. Qd3 0-0 13. e5 Nh5 14. Ng5 Bf5 15. Qd2 h6 16. Nge4 d5 17. Ng3 Nxf4 18. Qxf4 Bxc2 19. Rac1 Bg5 20. Qf2 Bxc1 21. Rxc1 Bg6 22. Na4 f6 23. Nc5 Qe7 24. e6 Rfe8 25. Re1 Qd6 1/2-1/2

[Event "Mlada Boleslav Region-ch U14"]
[Site "Mlada Boleslav"]
[Date "2017.06.24"]
[Round "1"]
[White "Nemecek, Lukas"]
[Black "Handl, Petr"]
[Result "1-0"]
[WhiteElo "1641"]
[BlackElo "1326"]
[PlyCount "55"]
[EventDate "2017.06.24"]
[EventType "swiss"]
[EventRounds "7"]
[EventCountry "CZE"]
[SourceTitle "CBM 179 Extra"]
[Source "ChessBase"]
[SourceDate "2017.08.23"]
[SourceVersion "1"]
[SourceVersionDate "2017.08.23"]
[SourceQuality "1"]

1. e4 e5 2. Nf3 Nc6 3. d4 exd4 4. Bc4 Bb4+ 5. c3 dxc3 6. bxc3 Bc5 7. Bxf7+ Kxf7 8. Qd5+ Ke8 9. Qxc5 d6 10. Qb5 Nge7 11. Be3 a6 12. Qb3 Qd7 13. Nbd2 b6 14. 0-0 Bb7 15. Ng5 d5 16. Rad1 Rd8 17. Rfe1 Ne5 18. Ngf3 Nxf3+ 19. Nxf3 Qe6 20. Bg5 Rd7 21. exd5 Qd6 22. Re6 Qc5 23. Ne5 Bxd5 24. Rxd5 Rxd5 25. Rxe7+ Qxe7 26. Qxd5 Qxg5 27. Qd7+ Kf8 28. Qf7# 1-0